| 000 | 00480nam a22001577a 4500 | ||
|---|---|---|---|
| 003 | macl | ||
| 005 | 20241024123911.0 | ||
| 008 | 241024b |||||||| |||| 00| 0 eng d | ||
| 040 | _cmacl | ||
| 082 | _a891.431/DIN | ||
| 100 | _aरामधारी सिंह दिनकर | ||
| 245 | _aरश्मिरथी | ||
| 260 |
_aप्रयागराज _bलोकभारती पब्लिकैशन _c2024 |
||
| 650 | _aकविता | ||
| 942 |
_2ddc _cHIN |
||
| 999 |
_c67622 _d67622 |
||